000
00340nam a2200157Ia 4500
005
20250423101727.0
008
250422s9999 xx 000 0 und d
020
_a
978069026-3
100
_a
Osofisan, Femi
245
0
_a
Women of owu
260
_b
Uni. Press
260
_c
2011
300
_a
78 p
650
_a
Literature
942
_c
BK
999
_c
37097
_d
37097